000 00715nam a22002171 4500
001 105156
003 ES-MaACL
005 20230906183811.0
007 t|
008 060615s1973 sp ||||0| spa d
016 7 _zIND9200523221
040 _aM-BN
_bspa
_cA2
080 _a860 Delibes, Miguel 1.06
100 1 _aLópez Martinez, Luis.
_973759
245 1 3 _aLa novelística de Miguel Delibes /
_cLuis López Martínez.
260 _aMurcia :
_bUniversidad de Murcia, Departamento de Literatura Española,
_c1973.
300 _a212 p., 2 h ;
_c21 cm.
600 1 4 _aDelibes, Miguel,
_d1920-2010
_xCrítica e interpretación
_943507
852 _aES-MaACL
_jC-52075
_bR.85167
999 _c105156
_d105156